000 00763nam a2200265Ia 4500
003 GCL
008 140319s9999 xx 000 0 ara d
040 _aGCL /
_cGCL
082 0 4 _a901
_bق ت
100 1 _aقاسم يزبك
245 1 0 _aالتاريخ ومنهج البحث التاريخى /
_cقاسم يزبك
260 _aبيروت :
_bدار الفكر اللبنانى ،
_c1990
300 _a182 ص ؛
_c24 سم
490 _a
650 0 4 _aاللغات
650 0 4 _aالسياسة
650 0 4 _aالتاريخ الاسلامى
650 0 4 _aالعرب
650 0 4 _aالتاريخ
650 0 4 _aالجغرافيا
650 0 4 _aالوثائق
650 0 4 _aاليونان
650 0 4 _aالاجتماع، علم
942 _2ddc
_cBK
999 _c31502
_d31502